000 00273nam a2200109Ia 4500
005 20251222154311.0
008 251222s9999||||xx |||||||||||||| ||spa||
082 _a700/G23
100 _a"García Mahiques, Rafael"
245 0 _aArte: Orientación Universitaria
942 _cLIB
999 _c33384
_d33384